00668nam a2200181Ia 4500003000900000008004100009020001800050040001600068080001800084110002200102245012600124260002600250300001500276650003800291942000700329999001700336952013300353IN-BaIIA211028s9999 xx 000 0 eng d a0-8213-3464-6 cIIA Library a330(540)bWOR aWorld Bank921501 0aEconomic developments in Indiabacheivements and challengescWorld Bank  aUSAbWorld Bankc1995 axxxv, 198p aEconomics, India-Economics921502 cBK c12298d12298 00104070aBANbBANcGENd1997-12-12eALL g250.00l0o330(540)/ WORp13214r2021-11-05v250.00w1997-12-12yBKGRs. 250.00